| 000 | 01181pam a2200361 i 4500 | ||
|---|---|---|---|
| 999 |
_c29263 _d29234 |
||
| 001 | 018667825 | ||
| 003 | EG-ScBUE | ||
| 005 | 20210727140850.0 | ||
| 008 | 171128t2018 enka f 000 0 eng d | ||
| 020 | _a9781855147416 | ||
| 040 |
_aStDuBDS _beng _erda _cStDuBDS _dUk _dEG-ScBUE |
||
| 082 | 0 | 4 |
_a779.2 _bNAT _222 |
| 110 | 2 | 0 |
_aNational Portrait Gallery (Great Britain), _ecreator, _epublisher. |
| 245 | 1 | 0 | _a100 photographs. |
| 246 | 1 | 3 | _aOne hundred photographs |
| 246 | 3 | _aHundred photographs | |
| 264 | 1 |
_aLondon : _bNational Portrait Gallery, _c[2018] |
|
| 264 | 4 | _cc2018 | |
| 300 |
_a176 pages : _bchiefly illustrations (black and white, and colour) ; _c15 cm |
||
| 336 |
_atext _2rdacontent _btxt |
||
| 336 |
_astill image _2rdacontent _btxt |
||
| 337 |
_aunmediated _2rdamedia _bn |
||
| 338 |
_avolume _2rdacarrier _bnc |
||
| 500 |
_aFormerly CIP. _5Uk |
||
| 650 | 7 |
_aPhotography, Artistic. _2BUEsh |
|
| 650 | 7 |
_aPortrait photography. _2BUEsh |
|
| 650 | 7 |
_aCelebrities _vPictorial works. _2BUEsh |
|
| 653 |
_bGGEN _cJuly2021 |
||
| 655 |
_vReading book _934232 |
||
| 942 |
_2ddc _cBB |
||